00366nam a22001337a 4500003000400000008004100004082001700045100002800062245005100090260003800141300000900179502001500188650002900203OSt260424b |||||||| |||| 00| 0 eng d a634.72bB21E aKumar, Banshidhar Mohan aEffect of Growth Regulatros on Cape-Gooseberry aPusa, SamastipurbRAU & BAUc2006 a41P. bMsc.d2006 aFruit & Fruit Technology